Bordering Countries by Clue #3 - Statistics

General Stats
  • This quiz has been taken 43,241 times
    43,186 since last reset
  • The average score is 19 of 21
Answer Stats
Clue Country % Correct
Spans a distance 4000 km north to south, but less than 200 east to west Chile
97%
Starts with U Uruguay
97%
Where Pope Francis was born Argentina
95%
Where samba music comes from Brazil
95%
Named after a famous explorer Colombia
92%
Has more Spanish speakers than any other country Mexico
92%
Has more immigrants than any other country United States
92%
Its largest French-speaking province nearly voted to secede in 1995 Canada
90%
Dutch is the official language Suriname
90%
Home to Angel Falls, the world's highest waterfall Venezuela
90%
English is the official language Guyana
88%
Where Martin Luther was born Germany
87%
Dictator Manuel Noriega was captured by the U.S. in 1990 Panama
87%
Colonizers of the D. R. Congo Belgium
86%
In 2022, it agreed to split Hans Island with the above country Denmark
86%
Its capital is Tegucigalpa Honduras
86%
Abolished its military in 1948 Costa Rica
85%
Tiny country ruled by a Grand Duke Luxembourg
85%
Its capital is below sea level Netherlands
85%
Home to the Mayan city of Tikal Guatemala
84%
Its largest lake has freshwater sharks Nicaragua
83%
No matching quizzes found
Score Distribution
Percent of People with Each Score
Percentile by Number Answered
Your Score History
You have not taken this quiz since the last reset